[Event "Niedersachsen-ch U10"]
[Site "Rotenburg"]
[Date "2013.03.27"]
[Round "8"]
[White "Lindemann, Jarno"]
[Black "Ristow, Lukas"]
[Result "1/2-1/2"]
[WhiteElo "804"]
[BlackElo "938"]
[PlyCount "60"]
[EventDate "2013.03.23"]
[EventType "swiss"]
[EventRounds "11"]
[EventCountry "GER"]
[SourceTitle "EXT 2015"]
[Source "ChessBase"]
[SourceDate "2014.11.20"]
[SourceVersion "1"]
[SourceVersionDate "2014.11.20"]
[SourceQuality "1"]

1. e4 c5 2. Nf3 d6 3. d4 cxd4 4. Nxd4 e6 5. Nc3 Nf6 6. f3 Be7 7. Be3 a6 8. Qd2 b5 9. 0-0-0 0-0 10. g4 Qa5 11. h4 b4 12. Nb1 e5 13. Nf5 Re8 14. a3 Nc6 15. g5 Nd7 16. h5 bxa3 17. Qxa5 Nxa5 18. Nxa3 Nc5 19. h6 g6 20. Nxe7+ Rxe7 21. Rxd6 Rd7 22. Rxd7 Nxd7 23. f4 Bb7 24. Bg2 Re8 25. Bh3 Rd8 26. Bg2 exf4 27. Bxf4 Nc5 28. Bc7 Re8 29. Bxa5 Bxe4 30. Bxe4 Nxe4 1/2-1/2